00226nam a2200097Ia 4500008004100000100001500041245003900056260000900095942000700104999001700111190216s9999||||xx |||||||||||||| ||und|| aBob Daylus 0aWrestling The Making Of A Champion bNull cBK c32597d32597